| 000 | 00723nam a2200229 a 4500 | ||
|---|---|---|---|
| 001 | BRL_415 | ||
| 005 | 20190320210731.0 | ||
| 008 | 070813s1952----mx-a######---#000-0#spa-# | ||
| 041 |
_aspa _hfre |
||
| 044 | _amx | ||
| 050 | 4 |
_aF1435.1.P2 _b.S45 1952 |
|
| 100 | 1 |
_aSéjourné, Laurette _923860 |
|
| 245 | 1 | 0 |
_aPalenque _buna ciudad maya _cLaurette Séjourné ; traducción del original francés por Ernestina de Champourcin. |
| 260 |
_aMéxico _bFondo de Cultura Económica _c1952 |
||
| 300 |
_a86 p. _bil. _c24 cm. |
||
| 500 | _aAu432 | ||
| 650 | 1 | 4 |
_aMayas _xAntigüedades _99555 |
| 651 | 4 |
_aPalenque (Chiapas) _xAntigüedades _923711 |
|
| 700 | 1 |
_aChampoursin, Ernestina de _etr. _923861 |
|
| 902 | _aGRL | ||
| 942 |
_2lcc _cB |
||
| 999 |
_c9228 _d9228 |
||